• 首页
  • 本馆介绍
  • 公告通知
  • 最新文献
  • 馆藏检索
  • 电子资源
  • 读者导购
  • 参考咨询
  • 我的图书馆
  • 登录
  • 详细信息显示
  • 放入我的书架
  • 预约/预借图书
  • 作者相关作品
  • 分类相关作品
  • 丛书相关作品
  • 出版社相关作品

书目信息

  • 表格格式
  • 工作单格式
  • 卡片格式
题名:
追赶型经济增长理论
    
 
作者: 钟阳胜 著
分册:  
出版信息: 北京   中共中央党校出版社  2005
页数: 366
开本: 23cm
丛书名:
单 册:
中图分类: F061.2
科图分类:
主题词: 经济学--分支科学
电子资源:
ISBN: 7-5035-3351-X
000 00573nam0 2200193 450
001 0753815641
005 20070930145655.64
010    @a7-5035-3351-X@d¥38.00
100    @a20070930d km y0chiy0120 ea
101 0  @achi
200 1  @a追赶型经济增长理论@Azhui gan xing jing ji zeng zhang li lun@f钟阳胜著@Fzhong yang sheng zhu
205    @a第六版
210    @a北京@c中共中央党校出版社@d2005
215    @a366@d23cm
606 0  @a经济学@x分支科学
690    @aF061.2@v3
701  0 @a钟阳胜@Azhong yang sheng@4著
801  0 @aCN@bPFT@c20070930
905    @a213230@dF061.2@eg145@f1
    
    追赶型经济增长理论/钟阳胜著.-第六版.-北京:中共中央党校出版社,2005
    366;23cm
    
    
    ISBN 7-5035-3351-X:¥38.00
    
●
相关链接 在E读中查询图书 在五车中查询图书 在当当中查询图书 在豆瓣中查询图书


正题名:追赶型经济增长理论     索取号:F061.2/g145         预约/预借

序号 登录号 条形码 馆藏地/架位号 状态 备注
1 6504449   265044490   密集书库-海洋学院/ [索取号:F061.2/g145] 在馆    
唐山师范学院图书馆 欢迎您!
大连网信软件有限公司© 版权所有